|
|
|
|
| LEADER |
00000nam a2200000 a 4500 |
| 001 |
vtls001149332 |
| 003 |
SK-MaSNL |
| 005 |
20260301063153.0 |
| 008 |
240314s1987 DE 0 ger |
| 020 |
|
|
|a 342305946X
|
| 035 |
|
|
|a SNK000092193
|
| 040 |
|
|
|a SNK
|b slo
|c SNK
|e AACR2
|
| 044 |
|
|
|a DE
|
| 100 |
1 |
|
|a Goethe, Johann Wolfgang von,
|d 1749-1832
|4 aut
|9 104510
|
| 245 |
1 |
0 |
|a Goethes Werke
|b 4. Abteilung. Goethes Briefe.Reprint z r.1901
|c Johann Wolfgang Goethe
|
| 260 |
|
|
|a München
|b Deutscher Taschenbuch Verlag
|c 1987
|
| 919 |
|
|
|a 3-423-05946-X
|
| 958 |
|
|
|a OND
|
| 999 |
|
|
|c 623151
|d 625081
|
| 952 |
|
|
|t P60, <04>, [BOOK], {604}
|a SNK
|b SNK
|y VYP
|7 0
|p 17A0229258
|o snkID 87237/4/22
|0 0
|1 0
|4 0
|d 2000-03-02
|l 0
|r 2005-01-01 00:00:00
|w 2026-02-23
|